Quel pays pour ces codes internationaux ? (1) - Statistiques

Statistiques générales
  • Ce quiz a été pris 168 fois
  • Le résultat moyen est 15 sur 20
Statistiques - réponses
Codes Pays % Correct
SG / SIN / SN / SGP / sg Singapour
97%
DE / D / ET / ED / GER Allemagne
95%
kz / KAZ / KZ / UP Kazakhstan
93%
UU / RS / RU / RUS / UW Russie
93%
IN / IND / VA / VT / VI Inde
91%
LAO / la / LA / XW Laos
89%
EN / LN / N / NOR / no Norvège
89%
AP / PK / PAK / pk / OP Pakistan
86%
AF / AFG / OA / YA Afghanistan
83%
GAB / GA / ga / TR Gabon
83%
VIE / VV / XV / VNM / vn Vietnam
82%
VS / na / NA / NAM / Namibie
81%
FL / Z / ZA / ZM / zm Zambie
79%
7O / OY / YAR / YE / ye Yémen
78%
A9C / BA / BH / BRN / OB Bahreïn
63%
KHM / K / CAM / kh / XU Cambodge
61%
EG / ET / HE / SU / eg Egypte
53%
EY / TI / tj / UT / TJ Tadjikistan
32%
MK / KW / NMK / Z3 / mk Macédoine
19%
V4 / SKN / TK / SC / kn Saint-Christophe-et-Niévès
4%
Aucun quiz correspondant
Distribution des résultats
% des personnes avec chaque résultat
Percentile par nombre de réponses
Votre historique - résultats
Vous n’avez pas pris ce quiz